[Event "Africa-ch U14"]
[Site "Windhoek"]
[Date "2019.12.19"]
[Round "6.1"]
[White "Smit, Devon"]
[Black "Tamer, Ahmed"]
[Result "1/2-1/2"]
[WhiteElo "1751"]
[BlackElo "2024"]
[PlyCount "66"]
[EventDate "2019.12.16"]
[EventType "swiss"]
[EventRounds "9"]
[EventCountry "NAM"]
[SourceTitle "EXT 2024"]
[Source "ChessBase"]
[SourceDate "2023.10.10"]
[SourceVersion "1"]
[SourceVersionDate "2023.10.10"]
[SourceQuality "1"]

1. e4 d6 2. d4 Nf6 3. Nc3 g6 4. Nf3 Bg7 5. h3 0-0 6. Be2 c5 7. Be3 cxd4 8. Nxd4 Nc6 9. 0-0 Bd7 10. Qd2 Rc8 11. Rad1 Ne5 12. f4 Nc4 13. Bxc4 Rxc4 14. Qd3 Rc8 15. Nf3 Bc6 16. Nd5 Nxe4 17. Qxe4 e6 18. c4 exd5 19. cxd5 Bd7 20. Qb4 Rc2 21. Nd4 Bxd4 22. Bxd4 b6 23. Bc3 Qh4 24. Qd4 f6 25. Rd2 Rxd2 26. Qxd2 Rd8 27. Bb4 Bb5 28. Rf3 Qh5 29. Bxd6 Qf5 30. Bb4 Re8 31. Qd4 Re4 32. Qd2 Re2 33. Qd4 Re4 1/2-1/2

[Event "Africa-ch U14"]
[Site "Windhoek"]
[Date "2019.12.16"]
[Round "1.2"]
[White "Govender, Lesharn"]
[Black "Smit, Devon"]
[Result "0-1"]
[WhiteElo "1222"]
[BlackElo "1751"]
[PlyCount "76"]
[EventDate "2019.12.16"]
[EventType "swiss"]
[EventRounds "9"]
[EventCountry "NAM"]
[SourceTitle "EXT 2024"]
[Source "ChessBase"]
[SourceDate "2023.10.10"]
[SourceVersion "1"]
[SourceVersionDate "2023.10.10"]
[SourceQuality "1"]

1. e4 c5 2. Nf3 Nc6 3. d4 cxd4 4. Nxd4 Nf6 5. Nc3 e5 6. Nxc6 bxc6 7. f3 Bc5 8. Be2 0-0 9. Bg5 Rb8 10. Rb1 d5 11. exd5 cxd5 12. Bxf6 Qxf6 13. Nxd5 Qg6 14. g3 Bf5 15. Bd3 e4 16. Nf4 Qc6 17. fxe4 Bxe4 18. Rf1 Bxd3 19. Qxd3 Rfe8+ 20. Ne2 Rbd8 21. Qf3 Rxe2+ 22. Qxe2 Re8 23. Qxe8+ Qxe8+ 24. Kd1 Qd7+ 25. Ke2 Qg4+ 26. Kd2 Qd4+ 27. Ke2 Qe3+ 28. Kd1 Bb4 29. c3 Qd3+ 30. Kc1 Qxf1+ 31. Kc2 Qf5+ 32. Kc1 Bc5 33. b4 Be3+ 34. Kb2 Qd3 35. h4 Bd2 36. Ka3 Qxb1 37. b5 Bxc3 38. Ka4 Qb4# 0-1

[Event "Sandton SWVG rapid op"]
[Site "Sandton"]
[Date "2019.05.18"]
[Round "1"]
[White "Makoto, Rodwell"]
[Black "Smit, Devon"]
[Result "1-0"]
[WhiteElo "2420"]
[BlackElo "1743"]
[PlyCount "61"]
[EventDate "2019.05.18"]
[EventType "swiss (rapid)"]
[EventRounds "10"]
[EventCountry "RSA"]
[SourceTitle "CBM 190 Extra"]
[Source "ChessBase"]
[SourceDate "2019.07.15"]
[SourceVersion "1"]
[SourceVersionDate "2019.07.15"]
[SourceQuality "1"]

1. d4 Nf6 2. Nc3 d5 3. Nf3 g6 4. Bf4 Bg7 5. e3 a6 6. Ne5 c6 7. Be2 Nfd7 8. Nd3 b6 9. h4 h5 10. Bf3 Bb7 11. Qe2 Nf6 12. 0-0-0 Nbd7 13. e4 dxe4 14. Nxe4 Nxe4 15. Bxe4 Nf6 16. Be5 0-0 17. Bf3 Qd7 18. Rhg1 Rfe8 19. g4 hxg4 20. Bxg4 Nxg4 21. Rxg4 Qd5 22. h5 Qxa2 23. hxg6 f6 24. Bf4 Bc8 25. Rh4 Qd5 26. Rdh1 Bf5 27. Rh8+ Bxh8 28. Rxh8+ Kg7 29. Rh7+ Kf8 30. Qh5 e5 31. Qh6+ 1-0